| 000 | 00882nam a2200253 a 4500 | ||
|---|---|---|---|
| 005 | 20140723102831.0 | ||
| 008 | 140123b2005 ck ||||| |||| 00| 0 spa d | ||
| 041 | _aspa | ||
| 082 | 0 | 4 |
_a574.5098 _bS93g |
| 090 |
_aIAVH _b00394 |
||
| 100 | 1 |
_aSua T., Sonia _94946 |
|
| 245 | 1 | 0 | _aGeorreferenciación de registros biológicos y gacetero digital de localidades |
| 260 |
_aBogotá _bInstituto Alexander von Humboldt _c2005 |
||
| 300 | _a69 p. | ||
| 650 |
_aEcosistemas _vInvestigaciones _zColombia _925058 |
||
| 650 |
_aEcosistemas _vMapas _zColombia _925059 |
||
| 650 | 6 |
_aCartografía forestal _xCartografía _925060 |
|
| 650 | 6 |
_aBases de datos _xDiversidad biológica _zColombia _925061 |
|
| 650 | 6 |
_aMapas digitales _xDiversidad biológica _925062 |
|
| 700 | 1 |
_aMateus S., Ruben Darío _94947 |
|
| 700 | 1 |
_aVargas G., Julio César _94948 |
|
| 942 |
_cCD-ROM _2z |
||
| 945 | _d2005-07-19 | ||
| 999 |
_c4687 _d4687 |
||